Central Library OPAC University of Rajshahi

Constitutional and administrative law / (Record no. 45927)

MARC details
000 -LEADER
fixed length control field 01115nam a2200337 a 4500
001 - CONTROL NUMBER
control field 45927
003 - CONTROL NUMBER IDENTIFIER
rucl marc code BD-RjUL
005 - DATE AND TIME OF LATEST TRANSACTION
control field 20211209054103.0
008 - FIXED-LENGTH DATA ELEMENTS--GENERAL INFORMATION
fixed length control field 740115s1973 enk b 001 0 eng
020 ## - INTERNATIONAL STANDARD BOOK NUMBER
International Standard Book Number 0421154705
International Standard Book Number 0421154802
035 ## - SYSTEM CONTROL NUMBER
System control number (BD-RjUL)46045
System control number 267352
040 ## - CATALOGING SOURCE
Original cataloging agency LC
Language of cataloging eng
Transcribing agency LC
041 ## - LANGUAGE CODE
Language code of text/sound track or separate title eng
082 00 - DEWEY DECIMAL CLASSIFICATION NUMBER
Classification number 342.4202
Author mark and year PHC 1973
Classification number 342.4202
100 1# - MAIN ENTRY--PERSONAL NAME
Personal name Phillips, Owen Hood.
9 (RLIN) 140450
245 10 - TITLE STATEMENT
Title Constitutional and administrative law /
Statement of responsibility, etc. by O. Hood Phillips.
250 ## - EDITION STATEMENT
Edition statement 5th ed.
260 ## - PUBLICATION, DISTRIBUTION, ETC. (IMPRINT)
Place of publication, distribution, etc. London :
Name of publisher, distributor, etc. Sweet & Maxwell,
Date of publication, distribution, etc. 1973
300 ## - PHYSICAL DESCRIPTION
Pagination xlvi, 669 p. ;
Size 23 cm.
500 ## - GENERAL NOTE
General note First and 2d editions published under title: The constitutional law of Great Britain and the Commonwealth.
504 ## - BIBLIOGRAPHY, ETC. NOTE
Bibliography, etc Includes bibliographical references and index.
650 #0 - SUBJECT ADDED ENTRY--TOPICAL TERM
Topical term or geographic name as entry element Constitutional law
Geographic subdivision Great Britain.
9 (RLIN) 140451
Topical term or geographic name as entry element Administrative law
Geographic subdivision Great Britain.
9 (RLIN) 140452
Topical term or geographic name as entry element Constitutional law
Geographic subdivision Commonwealth countries.
9 (RLIN) 140453
Topical term or geographic name as entry element Constitutional law
Geographic subdivision Great Britain.
9 (RLIN) 140451
942 ## - ADDED ENTRY ELEMENTS (KOHA)
Source of classification or shelving scheme Dewey Decimal Classification
Koha item type Books
Holdings
Lost status Source of classification or shelving scheme Damaged status Not for loan Collection code Permanent Location Current Location Shelving location Date acquired Source of acquisition Cost, normal purchase price Total Checkouts Full call number Date last seen Copy number Koha item type
  Dewey Decimal Classification     Non-fiction Central Library, University of Rajshahi Central Library, University of Rajshahi   02/01/1975 Janathan Wren & co., London 4.00   342.4202 PHC 1973 28/07/2016 C-2 Books